La biblioteca del Senado / (Record no. 68939)

MARC details
000 -LEADER
campo de control de longitud fija 00728nam a2200229 i 4500
001 - NÚMERO DE CONTROL
campo de control 68939
003 - IDENTIFICADOR DE NÚMERO DE CONTROL
campo de control ES-MaACL
005 - FECHA Y HORA DE LA ÚLTIMA TRANSACCIÓN
campo de control 20240205125050.0
007 - CAMPO FIJO DE DESCRIPCIÓN FÍSICA--INFORMACIÓN GENERAL
campo de control de longitud fija t|
008 - DATOS DE LONGITUD FIJA--INFORMACIÓN GENERAL
campo de control de longitud fija 040812s1982 sp ||||1| spa d
020 ## - NÚMERO INTERNACIONAL ESTÁNDAR DEL LIBRO
Número Internacional Estándar del Libro 84-500-8243-9
080 ## - NÚMERO DE LA CLASIFICACIÓN DECIMAL UNIVERSAL
Número de la Clasificación Decimal Universal 027.54.342.531(460)
100 1# - ENTRADA PRINCIPAL--NOMBRE DE PERSONA
Nombre de persona Herrero Gutiérrez, Rosario.
9 (RLIN) 63318
245 13 - MENCIÓN DEL TÍTULO
Título La biblioteca del Senado /
Mención de responsabilidad, etc. Rosario Herrero Gutiérrez.
260 ## - PUBLICACIÓN, DISTRIBUCIÓN, ETC.
Lugar de publicación, distribución, etc. Madrid :
Nombre del editor, distribuidor, etc. [s.n.],
Fecha de publicación, distribución, etc. 1982.
300 ## - DESCRIPCIÓN FÍSICA
Extensión 111 p., [12] p. de lám. ;
Dimensiones 23 cm.
610 1# - PUNTO DE ACCESO ADICIONAL DE MATERIA--NOMBRE DE ENTIDAD CORPORATIVA
Nombre de entidad corporativa o nombre de jurisdicción como elemento de entrada España.
Unidad subordinada Cortes Generales.
-- Senado.
-- Biblioteca.
9 (RLIN) 3676
852 ## - LOCALIZACIÓN
Ubicación ES-MaACL
Número de control de estantería L-4214
Sublocalización o colección R.105100
852 ## - LOCALIZACIÓN
Ubicación ES-MaACL
Número de control de estantería A-15069
itemnumber 71511
Ubicación en estantería Depósito 1
Signatura antigua Olim: 027.54 HER bib
942 ## - ELEMENTOS DE ENTRADA SECUNDARIOS (KOHA)
Fuente del sistema de clasificación o colocación Clasificación decimal universal
Holdings
Estatus retirado Estado de pérdida Fuente del sistema de clasificación o colocación Estado de daño No para préstamo Biblioteca de origen Biblioteca actual Ubicación en estantería Fecha de adquisición Total de préstamos Signatura topográfica completa Código de barras Visto por última vez Precio de reemplazo Tipo de ítem Koha Fuente de adquisición
    Clasificación decimal universal     Biblioteca del Ateneo de Madrid Biblioteca del Ateneo de Madrid Depósito 1 19/10/2022   A-15069 1204369 23/02/2023 23/02/2023 Libro impreso  
          Biblioteca del Ateneo de Madrid Biblioteca del Ateneo de Madrid Depósito 2 17/01/2008   L-4214 1072189 23/02/2023 23/02/2023 Libro impreso